|
|
|
|
| LEADER |
01240nam a2200289 a 4500 |
| 001 |
000485359 |
| 003 |
CZ BrMZK |
| 005 |
20071025130011.0 |
| 007 |
ta |
| 008 |
000307s1987 xr f cze d |
| 040 |
|
|
|a BOA001
|b cze
|
| 080 |
9 |
|
|a 372.851(075.2):376.353
|
| 100 |
1 |
|
|a Kohút, Vladimír
|7 jx20040720015
|4 aut
|
| 245 |
1 |
0 |
|a Matematika pro 2. ročník ZŠ pro neslyšící a pro žáky se zbytky sluchu.
|n Část 1 /
|c Vladimír Kohút, Mária Kyselá ; ilustroval Milan Spál
|
| 250 |
|
|
|a 2. vyd.
|
| 260 |
|
|
|a Praha :
|b Státní pedagogické nakladatelství,
|c 1987
|
| 300 |
|
|
|a 112 s.
|
| 490 |
1 |
|
|a Učebnice pro základní školy
|
| 700 |
1 |
|
|a Kyselá, Mária
|7 jx20040130017
|4 aut
|
| 700 |
1 |
|
|a Spál, Milan,
|d 1931-
|7 jx20041104042
|4 ill
|
| 830 |
|
0 |
|a Učebnice pro základní školy
|
| 910 |
|
|
|a BOA001
|b PK-N-0026.157,1
|b 4-0914.976
|
| 964 |
|
|
|a Matematika - učebnice - školy základní pro neslyšící (stupeň 1.)
|
| 964 |
|
|
|a Matematika - učebnice - školy základní pro děti s vadami sluchu
|
| 990 |
|
|
|a BK
|
| 996 |
7 |
|
|b 3119836447
|c PK-N-0026.157/1
|l MZK
|r Sklad / do 1 hodiny
|n 0
|w 000485359
|u 000010
|a 1
|e BOA001
|j MZK50
|s A
|
| 996 |
6 |
|
|b BC-491048
|c 4-0914.976
|l MZK
|r Sklad / do 1 hodiny
|n 0
|w 000485359
|u 000020
|a 1
|e BOA001
|j MZK50
|s P
|